00349 a2200133 4500001000700000020001800007040001100025100002900036240005600065245005100121300000800172362000900180440002600189189549 a85-7509-003-8 cMagnum aPinto, José Nêumanne10aOs cem melhores poetas brasileiros do séculolpor10aOs cem melhores poetas brasileiros do século a3240 a2004 1aGeração Editorial